ONELINE METAL MINING (Record no. 5282)

MARC details
000 -LEADER
fixed length control field 00329nam a22001457a 4500
005 - DATE AND TIME OF LATEST TRANSACTION
control field 20161022151548.0
008 - FIXED-LENGTH DATA ELEMENTS--GENERAL INFORMATION
fixed length control field 161022b xxu||||| |||| 00| 0 eng d
041 ## - LANGUAGE CODE
Language code of text/sound track or separate title eng
100 ## - MAIN ENTRY--AUTHOR NAME
Personal name KARMAKAR,H.N
245 ## - TITLE STATEMENT
Title ONELINE METAL MINING
260 ## - PUBLICATION, DISTRIBUTION, ETC. (IMPRINT)
Name of publisher VERMA
300 ## - PHYSICAL DESCRIPTION
Number of Pages 132
650 ## - SUBJECT ADDED ENTRY--TOPICAL TERM
Topical Term MINING ENGINEERING
942 ## - ADDED ENTRY ELEMENTS (KOHA)
Koha item type Books
Holdings
Lost status Damaged status Collection code Home library Current library Shelving location Date acquired Source of acquisition Cost, normal purchase price Full call number Accession Number Koha item type
    MINING JRU Library JRU Library SHELF-100-B 22/10/2016 Purchase 200.00 622.34 21366 Books
    MINING JRU Library JRU Library SHELF-100-B 22/10/2016 Purchase 200.00 622.34 21367 Books
    MINING JRU Library JRU Library SHELF-100-B 22/10/2016 Purchase 200.00 622.34 21368 Books
    MINING JRU Library JRU Library SHELF-100-B 22/10/2016 Purchase 200.00 622.34 21369 Books
      JRU Library   SHELF-6-C 22/10/2016 Purchase 200.00 622.34 21370 Books